00363nam a2200109Ia 4500008004100000082001300041100003000054245005500084942000600139952009500145999001300240240331s9999 xx 000 0 und d a294bWAL a Walpola Sri Rahula ,Himi 0aLakdiwa Budu samaye ithihasaya :bAnurapura period cL 001040708LaWERCLbWERCLcSSCd2024-03-31l0o 294 WALp3430r2024-03-31w2024-03-31yL c904d904